000 00671nam a2200229Ia 4500
001 Z_5419
003 CHAP
008 220113s1992 xx 000 0 und d
010 _a168490
040 _cCHAP
090 _aFolleto 721
100 _aMuñante Pérez, Domingo Marcelo
_9142823
245 _aIndicadores para la evaluación económica de proyectos ; VAN, B /
_cC, N /
_cK, TIR. Definición cálculo e interpretación /
_cDomingo Muñante Pérez
260 _aCFhapingo, Méx. :
_bUACH. Departamento de Economía Agrícola,
_c1992
300 _a48 h.
901 _aFOLLETO 721
902 _aM
910 _a1992
942 _c1
942 _cc1
999 _c168490
_d168490